000 00792nam a22001937a 4500
999 _c10064
_d10064
003 AR-CdUCM
008 190329b ||||| |||| 00| 0 spa d
040 _aMUNICIPALIDAD PROVINCIAL DEL CUSCO
_cBIBLIOTECA MUNICIPAL DEL CUSCO
082 _aEP / 086
_bS18
110 _aLa casa editora norteamericana
_926700
245 _aEl mundo de los niños /
260 _aBarcelona :
_bSALVAT editores,
_c1958.
300 _a9 tomos ;
_bIlustraciones,
_c25 cm.
505 _aContenido :T.4: Animales y aventuras --T.7: Hombres y hechos famosos --T.8: Juegos diversos --T.9: Animales y plantas --T.10: Ciencia e industria --T.11: El niño y el arte --T.12: La familia --T.14: Vuestro hijo
650 _aLiteratura
_983
650 _aCuentos infantiles
_93927
942 _2ddc
_cLIBROS
945 _arjall